000 00458nam a2200181Ia 4500
001 5100
005 20260306145843.0
008 260306t2001||||xx |||||||||||||| ||spa||
041 _aESP
082 _a333
_bB73
100 _aBonifaz F., José Luis
_eAUT
245 0 _aDistribución eléctrica en el Perú:
_bregulación y eficiencia
260 _c2001
300 _a164 páginas :
_c20 cm.
650 _aGEN
654 _aCAN
942 _cLIB
_dJUS
_fJUS
_2ddc
_n
999 _c5100
_d5100